000 00345nam a2200145Ia 4500
008 191201s2009 xx 000 0 und d
082 _a510
_bROD
100 _aRosen, Kenneth H
245 0 _aDiscrete Mathematics and Its Application
250 _aRep.
260 _aN.Delhi
_bTMH
_c2009
300 _aMisc
650 _aMCA
942 _2ddc
_cBK
_03
999 _c3730
_d3730